Air pollution reference measurement methods and systems : (Record no. 19550)

MARC details
000 -LEADER
fixed length control field 01385cam a2200301 i 4500
001 - CONTROL NUMBER
control field 2737900
003 - CONTROL NUMBER IDENTIFIER
control field OSt
005 - DATE AND TIME OF LATEST TRANSACTION
control field 20211122151527.0
008 - FIXED-LENGTH DATA ELEMENTS--GENERAL INFORMATION
fixed length control field 781010s1978 ne a b 100 0 eng
010 ## - LIBRARY OF CONGRESS CONTROL NUMBER
LC control number 78023727
020 ## - INTERNATIONAL STANDARD BOOK NUMBER
International Standard Book Number 0444417648 :
Terms of availability fl 110.00
040 ## - CATALOGING SOURCE
Original cataloging agency DLC
Transcribing agency HU
Modifying agency DLC
050 00 - LIBRARY OF CONGRESS CALL NUMBER
Classification number TD890
Item number .A37
082 00 - DEWEY DECIMAL CLASSIFICATION NUMBER
Classification number 363.6
245 00 - TITLE STATEMENT
Title Air pollution reference measurement methods and systems :
Remainder of title proceedings of the international workshop, Bilthoven, December 12-16, 1977 /
Statement of responsibility, etc. organised by the National Institute of Public Health, Bilthoven, The Netherlands and co-sponsored by the World Health Organization ; edited by T. Schneider, H. W. de Koning, L. J. Brasser.
260 ## - PUBLICATION, DISTRIBUTION, ETC.
Place of publication, distribution, etc. Amsterdam ;
-- New York :
Name of publisher, distributor, etc. Elsevier Scientific Pub. Co. ;
Place of publication, distribution, etc. New York :
Name of publisher, distributor, etc. distributors for the U.S. and Canada, Elsevier/North-Holland,
Date of publication, distribution, etc. 1978.
300 ## - PHYSICAL DESCRIPTION
Extent vi, 168 p. :
Other physical details ill. ;
Dimensions 25 cm.
440 #0 - SERIES STATEMENT/ADDED ENTRY--TITLE
Title Studies in environmental science ;
Volume/sequential designation 2
9 (RLIN) 19871
504 ## - BIBLIOGRAPHY, ETC. NOTE
Bibliography, etc. note Includes bibliographical references.
650 #0 - SUBJECT ADDED ENTRY--TOPICAL TERM
Topical term or geographic name entry element Air
General subdivision Pollution
-- Measurement
-- Congresses.
9 (RLIN) 19872
700 1# - ADDED ENTRY--PERSONAL NAME
Personal name Schneider, T.
Fuller form of name (Tonny),
Dates associated with a name 1935-
9 (RLIN) 19873
700 1# - ADDED ENTRY--PERSONAL NAME
Personal name Koning, H. W. de.
9 (RLIN) 19874
700 1# - ADDED ENTRY--PERSONAL NAME
Personal name Brasser, L. J.
9 (RLIN) 19875
710 2# - ADDED ENTRY--CORPORATE NAME
Corporate name or jurisdiction name as entry element Rijksinstituut voor de Volksgezondheid (Netherlands)
9 (RLIN) 19876
710 2# - ADDED ENTRY--CORPORATE NAME
Corporate name or jurisdiction name as entry element World Health Organization.
9 (RLIN) 8707
906 ## - LOCAL DATA ELEMENT F, LDF (RLIN)
a 7
b cbc
c orignew
d 1
e ocip
f 19
g y-gencatlg
942 ## - ADDED ENTRY ELEMENTS (KOHA)
Source of classification or shelving scheme Dewey Decimal Classification
Koha item type Books like text book referance book
Suppress in OPAC No
Holdings
Withdrawn status Lost status Source of classification or shelving scheme Damaged status Not for loan Home library Current library Shelving location Date acquired Total Checkouts Full call number Barcode Date last seen Copy number Price effective from Koha item type
    Dewey Decimal Classification     Social Library Social Library General Stacks 11/22/2021   363.6/AIR SHLIB 00003071 11/22/2021 1 11/22/2021 Books like text book referance book